| 000 | 00604nam a2200217Ia 4500 | ||
|---|---|---|---|
| 003 | OSt | ||
| 005 | 20220928144317.0 | ||
| 006 | a|||||r|||| 00| 0 | ||
| 007 | ta | ||
| 008 | 220927b |||||||| |||| 00| 0 eng d | ||
| 024 | _a64344 | ||
| 037 | _cReference Collections | ||
| 040 |
_aSDCL _cSDCL _beng |
||
| 041 |
_2eng _aeng |
||
| 082 | _aJBn1,N86, M6.2 RR | ||
| 100 |
_aBajaj Y.P. S. Ed. _9507565 |
||
| 245 | 0 | _aBiotechnology in agriculture and forestry 2 | |
| 260 | _c1986 | ||
| 942 |
_hJBn1,N86, M6.2 RR _cREF _2CC |
||
| 999 |
_c826964 _d826964 |
||